MDQL
is popping MORE tags! Check the
thread
!
Quizzes
Events
Quiz Creation
Community
Videos
Private Events
Remove Ads
Sign In
Join for FREE
Feedback
Dark Mode
Quiz Categories
Sports
Geography
Music
Movies
Television
Just For Fun
Miscellaneous
History
Literature
Language
Science
Gaming
Entertainment
Religion
Holiday
For Kids
Quiz Lab
Recent
Popular Today
Quiz Kudos Today
Editor Picks
Curator Picks
Quizzes by...
Day
Popularity
Type
Ratings
Length
Year
Community
Subscriptions
Recent Discussions
Orange Saloon
Badges
Playlists
Quests
Create
Leaderboards
Showdown
Live 5
Trivia Bingo
Activity
Puzzle Library
Sporcle Events
Private Events
Virtual Trivia
Globe League
Become a Host
Pub Owners
SporcleCon
Opinionation
Our Games
Videos
Blog
Mobile Apps
Partnerships
Remove Ads and Go Orange
Feedback
Sports
Athletes
MLB
NBA
NHL
NFL
Soccer
Sports Teams
WWE
NCAA
Football
Premier League
Basketball
Baseball
Hockey
Golf
Tennis
Cricket
Rugby
Auto Racing
Olympics
World Cup
Sports
Athletes
MLB
NBA
NHL
NFL
Soccer
Sports Teams
WWE
NCAA
Football
Premier League
Basketball
Baseball
Hockey
Golf
Tennis
Cricket
Rugby
Auto Racing
Olympics
World Cup
Random Quiz
Search Sporcle
×
Quiz Lab
Quiz Lab
Sports
NFL
Type in answers that appear in a list
Type in answers that appear in a list
Classic
Best Score? Go Orange.
NFL passing yardage leaders 1970-2016 Stats
Can you name the NFL passing yardage leaders for the years 1970-2016
By
tunnel
20m
235 Questions
2,442 Plays
2,442 Plays
2,442 Plays
Comments
Comments
Give Quiz Kudos
Give Quiz Kudos
-
- Ratings
hide this ad
Replay
Link that replays current quiz
Next Quiz
Link to next quiz in quiz playlist
You Got
0%
They Got
Avg Score
62%
Avg Friend Score
Upgrade to see
Score Distribution
Jump to the score distribution portion of the page
Score
0/235
Timer
20:00
0
Plays Today
Year
% Correct
1998
Peyton Manning
97%
1999
Peyton Manning
97%
2000
Peyton Manning
97%
2001
Peyton Manning
97%
2002
Peyton Manning
97%
2003
Peyton Manning
97%
2004
Peyton Manning
97%
2006
Peyton Manning
97%
2009
Peyton Manning
97%
2005
Eli Manning
96.9%
1972
Archie Manning
96.7%
1978
Archie Manning
96.7%
1980
Archie Manning
96.7%
2011
Tom Brady
95.8%
2012
Tom Brady
95.8%
2015
Tom Brady
95.8%
2005
Tom Brady
95.6%
2007
Tom Brady
95.6%
2009
Tom Brady
95.6%
2010
Peyton Manning
94.9%
2013
Peyton Manning
94.9%
2014
Peyton Manning
94.9%
2010
Eli Manning
94.8%
2011
Eli Manning
94.8%
2006
Drew Brees
94.3%
2007
Drew Brees
94.3%
2008
Drew Brees
94.3%
2010
Drew Brees
93.3%
2011
Drew Brees
93.3%
2012
Drew Brees
93.3%
2013
Drew Brees
93.3%
2014
Drew Brees
93.3%
2015
Drew Brees
93.3%
2016
Drew Brees
93.3%
1994
Brett Favre
92.1%
1995
Brett Favre
92.1%
1996
Brett Favre
92.1%
1997
Brett Favre
92.1%
1998
Brett Favre
92.1%
1999
Brett Favre
92.1%
2000
Brett Favre
92.1%
2001
Brett Favre
92.1%
2004
Brett Favre
92.1%
2005
Brett Favre
92.1%
2007
Brett Favre
92.1%
1982
Joe Montana
91.3%
1983
Joe Montana
91.3%
1985
Joe Montana
91.3%
1987
Joe Montana
91.3%
1990
Joe Montana
91.3%
1984
Dan Marino
90.8%
1985
Dan Marino
90.8%
1986
Dan Marino
90.8%
1987
Dan Marino
90.8%
1988
Dan Marino
90.8%
1989
Dan Marino
90.8%
1990
Dan Marino
90.8%
1991
Dan Marino
90.8%
1992
Dan Marino
90.8%
1994
Dan Marino
90.8%
1997
Dan Marino
90.8%
1992
Steve Young
90.2%
1993
Steve Young
90.2%
1994
Steve Young
90.2%
1998
Steve Young
90.2%
2011
Aaron Rodgers
89.8%
2016
Aaron Rodgers
89.8%
1985
John Elway
87.2%
1987
John Elway
87.2%
1990
John Elway
87.2%
1993
John Elway
87.2%
1995
John Elway
87.2%
2008
Philip Rivers
86.8%
2010
Philip Rivers
85.9%
2013
Philip Rivers
85.9%
2015
Philip Rivers
85.9%
2016
Philip Rivers
85.9%
2012
Matt Ryan
85.8%
2013
Matt Ryan
85.8%
Year
% Correct
2014
Matt Ryan
85.8%
2015
Matt Ryan
85.8%
2016
Matt Ryan
85.8%
2014
Ben Roethlisberger
84.3%
1999
Kurt Warner
83.8%
2001
Kurt Warner
83.8%
2008
Kurt Warner
83.8%
2008
Aaron Rodgers
83.2%
2009
Aaron Rodgers
83.2%
1992
Troy Aikman
81.4%
1977
Terry Bradshaw
81.1%
1979
Terry Bradshaw
81.1%
2011
Matthew Stafford
78.6%
2012
Matthew Stafford
78.6%
2013
Matthew Stafford
78.6%
1989
Warren Moon
78.4%
1990
Warren Moon
78.4%
1991
Warren Moon
78.4%
1993
Warren Moon
78.4%
1994
Warren Moon
78.4%
1995
Warren Moon
78.4%
1997
Warren Moon
78.4%
1973
Roger Staubach
76.7%
1974
Roger Staubach
76.7%
1975
Roger Staubach
76.7%
1976
Roger Staubach
76.7%
1977
Roger Staubach
76.7%
1978
Roger Staubach
76.7%
1991
Jim Kelly
76.3%
1992
Jim Kelly
76.3%
1993
Jim Kelly
76.3%
2000
Daunte Culpepper
75.2%
2002
Daunte Culpepper
75.2%
2004
Daunte Culpepper
75.2%
2012
Tony Romo
75.1%
1994
Drew Bledsoe
74.9%
1996
Drew Bledsoe
74.9%
1997
Drew Bledsoe
74.9%
2002
Drew Bledsoe
74.9%
2007
Tony Romo
74.9%
2009
Tony Romo
74.9%
2015
Carson Palmer
73.2%
1988
Randall Cunningham
72.9%
1998
Randall Cunningham
72.9%
1970
Fran Tarkenton
71.9%
1971
Fran Tarkenton
71.9%
1972
Fran Tarkenton
71.9%
1974
Fran Tarkenton
71.9%
1975
Fran Tarkenton
71.9%
1976
Fran Tarkenton
71.9%
1978
Fran Tarkenton
71.9%
1999
Brad Johnson
71.9%
2003
Brad Johnson
71.9%
1973
Charley Johnson
71.8%
1979
Dan Fouts
71.7%
1980
Dan Fouts
71.7%
1981
Dan Fouts
71.7%
1982
Dan Fouts
71.7%
1984
Dan Fouts
71.7%
2001
Rich Gannon
70.5%
2002
Rich Gannon
70.5%
2014
Andrew Luck
70.4%
1984
Phil Simms
70.3%
1985
Phil Simms
70.3%
1972
Joe Namath
70.1%
1974
Joe Namath
70.1%
2005
Carson Palmer
69.6%
2006
Carson Palmer
69.6%
2007
Carson Palmer
69.6%
1996
Vinny Testaverde
69.5%
2008
Jay Cutler
67.1%
2009
Matt Schaub
66.8%
1986
Boomer Esiason
66.5%
1987
Boomer Esiason
66.5%
1988
Boomer Esiason
66.5%
1993
Boomer Esiason
66.5%
1973
Ken Anderson
65.2%
1974
Ken Anderson
65.2%
1975
Ken Anderson
65.2%
Year
% Correct
1982
Ken Anderson
65.2%
1974
Ken Stabler
64.4%
1976
Ken Stabler
64.4%
2003
Matt Hasselbeck
64.2%
2003
Trent Green
62.4%
2004
Trent Green
62.4%
2005
Trent Green
62.4%
2010
Matt Schaub
62.2%
2002
Kerry Collins
61.5%
2016
Kirk Cousins
59.1%
1983
Joe Theismann
58.2%
2000
Jeff Garcia
58%
1996
Mark Brunell
56.5%
2003
Marc Bulger
56.4%
2006
Marc Bulger
56.4%
1971
Len Dawson
51.9%
1998
Jake Plummer
51.9%
2004
Jake Plummer
51.9%
1973
Jim Plunkett
50.4%
1975
Bert Jones
50.1%
1976
Bert Jones
50.1%
1977
Bert Jones
50.1%
1982
Ron Jaworski
49.7%
1982
Danny White
49.1%
1983
Danny White
49.1%
1995
Jeff George
47.9%
1997
Jeff George
47.9%
1989
Mark Rypien
47.7%
1991
Mark Rypien
47.7%
1986
Bernie Kosar
47.6%
1991
Bernie Kosar
47.6%
1984
Dave Krieg
46.3%
2001
Aaron Brooks
44%
1988
Jim Everett
42.9%
1989
Jim Everett
42.9%
1990
Jim Everett
42.9%
1985
Ken O'Brien
42.4%
1986
Ken O'Brien
42.4%
2006
Jon Kitna
42.4%
1979
Brian Sipe
38.8%
1980
Brian Sipe
38.8%
1981
Brian Sipe
38.8%
2000
Elvis Grbac
38.1%
1970
Jim Hart
36.2%
1975
Jim Hart
36.2%
1976
Jim Hart
36.2%
1977
Jim Hart
36.2%
1978
Jim Hart
36.2%
1984
Neil Lomax
35.3%
1987
Neil Lomax
35.3%
1988
Neil Lomax
35.3%
1978
Jim Zorn
34.9%
1979
Jim Zorn
34.9%
1980
Tommy Kramer
34.6%
1981
Tommy Kramer
34.6%
1972
Craig Morton
34.5%
1980
Steve Bartkowski
34.1%
1981
Steve Bartkowski
34.1%
1971
John Hadl
34%
1972
John Hadl
34%
1995
Scott Mitchell
33.5%
1970
Daryle Lamonica
32.7%
1999
Steve Beuerlein
32.6%
1979
Steve DeBerg
31.1%
1989
Don Majkowski
30.7%
1970
John Brodie
30.3%
1971
John Brodie
30.3%
1970
Roman Gabriel
30.1%
1973
Roman Gabriel
30.1%
1983
Lynn Dickey
28.2%
1977
Joe Ferguson
28.1%
1981
Joe Ferguson
28.1%
1992
Stan Humphries
28%
1996
Jeff Blake
25.4%
1986
Jay Schroeder
23.4%
1983
Bill Kenney
16.6%
1971
Bill Nelsen
8.1%
Quiz Playlist
Details
Report
Send in Message
Add To Playlist
Classic:
Type in answers that appear in a list
Last Updated: May 6, 2017
Quiz Scoreboard
CHALLENGE
Sign Up to Join the Scoreboard
Show All
Scores
Hide
Comments
May contain spoilers
Recently Published
Holiday 10x10 Sorting Gallery
by lukepisani3
Holiday
15m
Two Season TV Shows II
by 123Four
Television
10m
Image Sorting: Flags VI
by Barbecue
Geography
2m
More to Explore
Quiz From the Vault
Featured Blog Post
14 Easter Pick-up Lines to Find Eggs With
hide this ad
You Might Also Like...
Tags
NFL Quiz
1970s
Passing
Yard
Today's Top Quizzes in Sports
Browse Sports
hide this ad
Today's Top Quizzes in NFL
Browse NFL
Top Contributed Quizzes in Sports
1
Les meilleurs buteurs des matchs entre le PSG et l’OM
2
Les entraîneurs de l'OM et du PSG au 21e siècle
3
2022 World Cup Stars
4
Les joueurs passés par le PSG et l'OM
5
Players with Multiple 50 Home Run Seasons
6
FIFA Club World Cup Champions
7
Top 10 NHL Goal Scorers of All Time
8
Les joueurs passés par le LOSC et le RC Lens
9
Criteria MLB: Left Handed Sluggers
10
2023 MLB Unique Player Accomplishments
Explore More
Trending Topics
Kpop
Crossword
Harry Potter
Marvel
Anime
NBA
Disney
NFL
Soccer
Puzzle
The Office
Country
Song
Pokémon
WWE
hide this ad
More By:
tunnel
Quiz
Plays
Rating
Category
Featured
Created
Formula 1 Driving Leaders (1970s)
46,891
4.55
Sports
Mar 23, 2010
Largest 300 cities in California
21,063
4.82
Geography
Oct 10, 2011
Pittsburgh Pirates lineups 1970-1989
5,742
3.73
Sports
Aug 31, 2010
Largest 200 cities in California - 2010 census
5,046
4.58
Geography
Oct 5, 2011
Formula 1 drivers - 1990s
3,657
4.50
Sports
Mar 22, 2010
Go to Creator's Profile
Score Distribution
Quiz Creator Spotlight
tunnel
Follow
Send a Message
Quizzes Created
-
Created Quiz Play Count
-
More By This Creator
Popular Quizzes Today
1
Find the US States - No Outlines Minefield
2
Colored Red Africa Blitz
3
Find the 'City' Movie
4
The Countries of the World
5
5x2 Blitz: Bands
6
Find the Countries of Europe - No Outlines Minefield
7
Find the US States
8
US States
More Sports Quizzes
NFL Teams Double 3 to 1 Blitz
Published
Trending Quizzes
Colored Red Europe Blitz I
Colored Red Europe Blitz II
Colored Red Africa Blitz II
Even More Two Season TV Shows
Colored Red Africa Blitz III
Recently Updated
Odd Team Out - Big 4 Players
pecheneg
Quick Pick: 20 Twenties
pecheneg
March Madness Men's Triple Doubles
pecheneg
How Do You Spell That?
pecheneg
Godzilla Movies
pecheneg
Grab Bag: 4-10 Letters
pecheneg
2024 March Madness Bracket
pecheneg
Famous TV Couples
Peacemaker
Champions League XIs: Real Madrid
pecheneg
Largest US Cities 1790-2010
pecheneg
Trending Topics
NBA
Anime
Marvel
Crossword
Kpop
Harry Potter
Disney
Song
WWE
Puzzle
NFL
Country
Pokémon
Soccer
The Office
Your Account Isn't Verified!
In order to create a playlist on Sporcle, you need to verify the email address you used during registration. Go to your
Sporcle Settings
to finish the process.
Report this User
Report this user for behavior that violates our
Community Guidelines
.
Details:
Send Report
Go to the Sporcle.com Mobile Site →
Comments